[Event "Salamanca Festival Masters 2018"]
[Site "Salamanca"]
[Date "2018.10.25"]
[Round "3"]
[White "Granda Zuniga, Julio E"]
[Black "Skripchenko, Almira"]
[Result "1-0"]
[WhiteElo "2641"]
[BlackElo "2414"]
[Annotator "TA"]
[PlyCount "101"]
[EventDate "2018.10.24"]
[EventType "tourn"]
[EventCountry "ESP"]
[SourceTitle "playchess.com"]
[Source "ChessBase"]
[SourceQuality "1"]

{[%evp 19,101,44,38,37,47,26,57,26,39,34,56,57,60,7,13,-20,0,7,25,19,43,0,46,39,45,50,44,22,36,38,33,0,72,66,95,96,104,101,116,128,125,115,83,71,72,68,72,59,85,17,13,13,17,16,100,42,43,47,39,56,89,47,42,28,187,166,492,435,513,481,506,493,471,449,435,405,701,610,5591,5587,4882,1540,5197,5189]} 1. d4 d6 2. e4 Nf6 3. Nc3 e5 4. Nf3 Nbd7 5. Bc4 Be7 6. O-O O-O 7. Re1 a6 8. a4 b6 {C41: Philidor Defence} 9. b3 Bb7 10. d5 Kh8 {LiveBook: 7 Games. White is slightly better.} 11. Bb2 $146 ({Predecessor:} 11. Bd3 Ng8 12. Na2 a5 13. b4 axb4 14. Nxb4 Nc5 15. Bb5 f5 16. exf5 Rxf5 {1-0 (47) Karjakin,S (2747)-Pelletier,Y (2589) Mainz 2010}) 11... g6 12. Bf1 Nh5 13. g3 Ng7 14. a5 f5 15. axb6 cxb6 16. Nd2 (16. exf5 $14 Nxf5 17. Ne4) 16... b5 $11 17. b4 fxe4 18. Nb3 Nb6 19. Na5 Qd7 20. Bg2 Rac8 21. Nxb7 Qxb7 22. Nxe4 Na4 $1 {[%cal Ra4b2]} 23. Ra2 (23. Rb1 {is interesting.} Rc4 24. Ba1 Qc8 25. c3 Nb6 26. Rc1) 23... Nxb2 24. Rxb2 Ne8 25. Qd2 Nc7 (25... Nf6 $11 {remains equal.}) 26. Rd1 Na8 {[%cal Bc7a8,Ba8b6,Bb6c4][%mdl 32]} 27. Ra2 Nb6 28. c3 Nc4 29. Qe1 Bd8 30. Rda1 Qxd5 31. Rxa6 {Threatens to win with Nxd6.} Bb6 32. Rd1 Qb7 33. Ra2 $1 d5 {[#]} 34. Nc5 (34. Nd6 $1 $16 {[%cal Rd6b7][%mdl 512]} Nxd6 35. Qxe5+ Qg7 36. Qxd6) 34... Bxc5 35. Bxd5 {[#]} Bxf2+ $1 {[%mdl 512]} 36. Rxf2 Qg7 (36... Qb6 $11 {keeps the balance.}) 37. Rxf8+ ({White should play} 37. Bxc4 $16 bxc4 38. b5) 37... Rxf8 $14 38. Bxc4 bxc4 $16 {[%mdl 4096] Endgame KQR-KQR} 39. Qe3 h5 40. b5 Kh7 41. b6 Rf6 $2 (41... Qf7 $11) 42. Qc5 e4 $2 (42... Rf7) 43. Qd4 Rf7 {[#]} 44. Qxg7+ $1 Kxg7 $18 {KR-KR} 45. Rb1 {b7 is the strong threat.} Rb7 46. Kf2 Kf6 47. Ke3 Kf5 (47... Ke5 $142 48. Rb5+ Kd6) 48. Rb5+ {White is clearly winning.} Kg4 49. Kxe4 Kh3 50. Rb2 g5 51. Kd5 {Precision: White = 46%, Black = 27%.} 1-0

[Event "Salamanca Festival Masters 2018"]
[Site "Salamanca"]
[Date "2018.10.25"]
[Round "3"]
[White "Matnadze, Ana"]
[Black "Santos Ruiz, Miguel"]
[Result "0-1"]
[WhiteElo "2362"]
[BlackElo "2523"]
[Annotator "TA"]
[PlyCount "98"]
[EventDate "2018.10.24"]
[EventType "tourn"]
[EventCountry "ESP"]
[SourceTitle "playchess.com"]
[Source "ChessBase"]
[SourceQuality "1"]

{[%evp 11,98,-22,-31,-46,-8,-30,-29,-29,-18,-20,-31,-25,-16,-42,-7,0,-14,-17,-8,-8,0,0,-8,0,12,-13,0,0,0,-13,-6,-18,0,-21,0,-8,9,0,0,0,13,0,3,-2,-5,-38,-30,-66,-69,-95,-95,-98,-102,-96,-81,-88,-88,-79,-85,-137,-137,-137,-137,-248,-248,-233,-229,-491,-391,-1182,-1056,-1270,-1259,-5093,-2278,-6448,-5639,-29965,-11544,-29981,-29982,-29982,-29983,-29983,-29984,-29985,-29985,-29985,-29986]} 1. Nf3 d5 2. g3 c6 3. Bg2 Bg4 4. O-O Nd7 5. c4 (5. h3 Bxf3 6. Bxf3 Ngf6 7. d3 e5 8. e4 Bc5 9. exd5 Nxd5 10. Nc3 Nxc3 11. bxc3 O-O 12. Re1 Qc7 {1-0 (47) Artemiev,V (2706)-Lysyj,I (2631) Sochi 2018}) 5... Bxf3 6. exf3 {A07: Réti Opening: New York and Capablanca Systems} dxc4 {LiveBook: 6 Games} 7. f4 g6 $146 ({Predecessor:} 7... e6 8. Qe2 Ne7 9. Qxc4 Nf5 10. Nc3 Nb6 11. Qb3 Be7 12. a4 a5 {1-0 (68) Ivanov,M (2389)-Friedrich,N (2318) Germany 2012}) 8. Na3 {The position is equal.} Nb6 9. Qe2 Qd3 10. Qe5 $1 {[%cal Re5h8]} Nf6 11. Re1 {Strongly threatening Qxf6.} Qf5 12. Bf1 Qxe5 (12... O-O-O {looks sharper.} 13. Nxc4 Nxc4 14. Bxc4 e6 15. d3 Bb4) 13. fxe5 Nfd5 14. Nxc4 Nxc4 15. Bxc4 O-O-O 16. d4 e6 17. Be3 Be7 18. a3 a5 19. Rec1 Kb8 20. Bb3 Rd7 21. Kg2 Rc8 22. Kf3 c5 23. Ke4 b6 24. dxc5 {c6 is the strong threat.} Nxe3 25. fxe3 Bxc5 26. Rd1 Rb7 (26... Rxd1 {keeps more tension.} 27. Rxd1 b5 28. a4 b4 29. Rf1 Rc7) 27. Rd3 b5 28. a4 Ba7 29. axb5 Rxb5 30. Ra4 Rcc5 31. Rc4 Rxe5+ 32. Kf3 {[#]} Rxe3+ $1 {[%mdl 512]} 33. Rxe3 Bxe3 $17 {[%mdl 4096] Endgame KRB-KRB} 34. Ba4 Re5 ({Of course not} 34... Rxb2 $6 35. Kxe3 Rxh2 36. Be8 $14) 35. Re4 (35. Rh4 $142) 35... Rxe4 36. Kxe4 {KB-KB} Bc1 37. b3 (37. Be8 $17) 37... Kc7 $19 38. Be8 {[#]} f6 $1 {[%cal Bf7f6,Bf6f5,Bf5f4,Bf4f3][%mdl 32]} 39. g4 $2 (39. Bf7 {keeps fighting.}) 39... Kd6 40. h3 $2 (40. Kd3 f5 41. h3) 40... f5+ 41. Kf3 e5 {[%cal Be6e5,Be5e4][%mdl 32]} 42. Bf7 e4+ 43. Ke2 f4 44. Bg8 g5 45. Bxh7 Ke5 {Black mates.} 46. Bg8 f3+ 47. Kd1 Ba3 48. Bc4 e3 49. Ke1 Bb4+ {Precision: White = 28%, Black = 62%.} 0-1

[Event "Salamanca Festival Masters 2018"]
[Site "Salamanca"]
[Date "2018.10.25"]
[Round "3"]
[White "Calzetta Ruiz, Monica"]
[Black "Atalik, Ekaterina"]
[Result "0-1"]
[WhiteElo "2235"]
[BlackElo "2445"]
[Annotator "TA"]
[PlyCount "60"]
[EventDate "2018.10.24"]
[EventType "tourn"]
[EventCountry "ESP"]
[SourceTitle "playchess.com"]
[Source "ChessBase"]
[SourceQuality "1"]

{[%evp 17,60,0,0,0,0,0,0,-32,-14,-14,13,7,13,6,0,0,0,0,0,0,0,0,0,0,0,0,0,-26,-5,-52,-18,-50,-63,-108,-91,-239,-239,-239,-239,-849,-850,-29996,-29997,-29997,-29998]} 1. e4 c6 2. d4 d5 3. e5 Bf5 4. h4 h5 5. Bd3 Bxd3 6. Qxd3 {B12: Caro-Kann (Vorstoß-Variante)} Qa5+ 7. Nd2 e6 8. Ngf3 Qa6 9. c4 Ne7 {LiveBook: 8 Partien} 10. b3 Nf5 11. O-O $146 ({Vorgänger:} 11. a4 Nd7 12. O-O Be7 {0-1 (46) Andriasian,Z (2591)-Vidit,S (2718) chess.com INT 2018}) 11... Be7 12. g3 Nd7 13. a4 Rd8 14. Ba3 Bxa3 15. Rxa3 O-O 16. b4 dxc4 $1 17. Nxc4 Nb6 18. Rc1 Nxc4 19. Rxc4 Rd5 20. Qc2 Rfd8 {[%cal Rf5d4]} 21. Rd3 Qb6 22. Qc3 a5 23. Kg2 axb4 24. Rxb4 Qa6 25. Rd2 {[#]} c5 $1 {[%cal Rc5b4][%mdl 512]} 26. dxc5 (26. Rb5 $17) 26... Rxd2 $19 27. Nxd2 {[#]} Qe2 $1 28. Rb2 $2 (28. Nf1 Rd3 29. Qb2 Qf3+ 30. Kh2) 28... Rd3 29. Qc1 Rxg3+ 30. Kh1 Rh3+ {Precision: Weiß = 27%, Schwarz = 87%.} 0-1

[Event "Salamanca Festival Masters 2018"]
[Site "Salamanca"]
[Date "2018.10.25"]
[Round "4"]
[White "Topalov, Veselin"]
[Black "Matnadze, Ana"]
[Result "1-0"]
[WhiteElo "2699"]
[BlackElo "2379"]
[Annotator "TA"]
[PlyCount "73"]
[EventDate "2018.10.24"]
[EventType "tourn"]
[EventCountry "ESP"]
[SourceTitle "playchess.com"]
[Source "ChessBase"]
[SourceQuality "1"]

{[%evp 9,73,58,90,44,44,47,54,45,54,37,50,35,35,31,50,50,50,52,92,79,86,89,89,89,89,89,89,85,96,91,92,95,157,122,110,62,208,205,197,188,256,238,235,131,182,175,285,274,291,286,316,306,772,717,942,922,1423,1423,1407,1415,1315,1315,1037,1029,29994,29995]} 1. e4 {[%cal Be2e4,Be4e5][%mdl 32]} c6 2. d4 d5 3. e5 a6 (3... Bf5 4. Nf3 e6 5. Be2 Ne7 6. O-O c5 7. Be3 Nec6 8. c3 Nd7 9. Nbd2 Be7 10. a3 a6 11. Re1 O-O 12. Nf1 Rc8 13. Ng3 Bg6 14. Nd2 cxd4 15. cxd4 Qb6 16. b4 Nxd4 17. Bf1 {0-1 (50) Caruana,F (2822)-Mamedyarov,S (2801) Saint Louis 2018}) 4. Nd2 g6 5. Nb3 $146 ({Predecessor:} 5. c4 dxc4 6. Bxc4 Qxd4 7. Ngf3 Qd8 8. Qb3 e6 9. a4 Nd7 10. Ne4 Nc5 11. Qe3 Nxe4 12. Qxe4 {½-½ (20) Bumba,D (2160)-Hristodorescu,D (2198) Satu Mare 2011}) 5... h5 6. Nf3 {B12: Caro-Kann: Advance Variation} Bg4 7. h3 Bxf3 8. Qxf3 {White is slightly better.} e6 9. Bd2 Nd7 10. c4 Ne7 11. Be2 Nf5 12. cxd5 cxd5 13. Rc1 Bh6 14. Bxh6 Rxh6 15. Bd3 Kf8 16. O-O Kg7 17. Bxf5 gxf5 18. Rc3 Nb6 19. Nc5 {[%cal Bb3c5,Bc5d3,Bd3f4][%mdl 32]} Nc4 20. Qf4 Rg6 (20... Rb8 $142) 21. b3 $36 {[%mdl 2048] White is really pushing.} Na5 22. Rg3 b6 ({Black should play} 22... h4 $14 23. Rxg6+ Kxg6) 23. Rxg6+ $18 Kxg6 24. Nd3 Rc8 (24... Nc6 {was necessary.} 25. Qe3 Kh7) 25. h4 Kh7 26. Re1 (26. g3 $1 $18) 26... Qg8 (26... Nc6 $16) 27. Rc1 Rxc1+ (27... Nc6 {was called for.} 28. g3 Qg4) 28. Qxc1 {Nf4 is the strong threat.} Qg4 {[#]} 29. Nf4 $1 Nc6 {[#]} 30. Nxe6 $1 Nxd4 $2 (30... fxe6 31. Qxc6 Qd1+ 32. Kh2 Qxd4) 31. Ng5+ Kg7 32. Qc7 $1 {[%csl LRb6,LRf7]} Ne2+ 33. Kf1 Ng3+ 34. fxg3 Qd1+ 35. Kf2 Qd4+ 36. Ke2 Qb2+ 37. Kf3 {Precision: White = 88%, Black = 48%.} 1-0

[Event "Salamanca Festival Masters 2018"]
[Site "Salamanca"]
[Date "2018.10.25"]
[Round "4"]
[White "Karpov, Anatoly"]
[Black "Skripchenko, Almira"]
[Result "1-0"]
[WhiteElo "2616"]
[BlackElo "2414"]
[Annotator "TA"]
[PlyCount "89"]
[EventDate "2018.10.24"]
[EventType "tourn"]
[EventCountry "ESP"]
[SourceTitle "playchess.com"]
[Source "ChessBase"]
[SourceQuality "1"]

{[%evp 17,89,38,53,37,60,36,36,44,52,29,54,32,42,43,25,48,29,25,102,97,609,166,296,297,249,132,135,94,84,75,95,86,100,110,110,118,104,122,134,145,129,89,382,33,59,0,376,339,460,462,454,430,408,379,410,396,1012,989,1464,1376,1890,1672,29986,29987,29987,29987,29987,29988,29987,29989,29989,29990,29990,29991]} 1. d4 d6 2. e4 Nf6 3. Nc3 e5 4. Nf3 Nbd7 5. Bc4 Be7 6. O-O O-O 7. Re1 a6 8. a4 b6 {C41: Philidor Defence} 9. d5 (9. h3 Bb7 10. d5 Ne8 11. b4 Bc8 12. a5 b5 13. Bd3 g6 14. Ne2 Ng7 15. c4 bxc4 16. Bxc4 {½-½ (34) Anand,V (2779)-Jobava,B (2702) Doha 2016}) 9... Kh8 {LiveBook: 5 Games} 10. h3 Nh5 $146 {White is slightly better.} ({Predecessor:} 10... Ng8 11. Ne2 g6 12. b4 Ndf6 13. Ng3 Ne8 14. Bb2 Ng7 15. Bb3 f5 16. exf5 gxf5 {½-½ (31) Csirik,A (2271)-Berczes,D (2521) Hungary 2010}) 11. a5 b5 12. Bf1 g6 13. b4 (13. g3 {keeps more tension.} Rg8 14. Bg2 f5 15. Bh6 Qe8 16. b4) 13... f5 14. exf5 gxf5 15. Nxe5 dxe5 16. Qxh5 Bxb4 17. Bb2 $1 Nf6 (17... Qe7 $11 {keeps the balance.}) 18. Qh4 e4 $2 {[%mdl 8192] [#]} (18... Bd6 $16) 19. Red1 $2 (19. Nxe4 $1 {[%mdl 512]} fxe4 20. Rxe4) 19... Be7 (19... Kg8 $142 20. Ne2 Bd6 21. Qg5+ Kf7) 20. Ne2 $18 Kg8 21. Nf4 ({White should play} 21. Nd4 $18 Ng4 22. Qh5 Nxf2 23. Kxf2) 21... Ng4 $16 22. Qh5 Qd6 {Hoping for ...Nxf2.} 23. g3 ({Of course not} 23. hxg4 $6 Qxf4 24. Bd4 fxg4 $11) 23... Ne5 24. c4 $1 bxc4 25. Bxe5 Qxe5 26. d6 $1 {[%cal Rd6e7]} cxd6 27. Bxc4+ Kg7 28. Bd5 $36 {[%mdl 3072] White has strong compensation. White is in control.} Ra7 29. Rac1 Bd7 $2 {[%mdl 8192]} (29... Bf6 $16 {was worth a try.}) 30. Bc6 $2 (30. Qe2 $1 $18) 30... Be6 $14 {White should prevent ...Bf7.} 31. Bd5 $2 {[%mdl 8192]} (31. Qe2 $14) 31... Bd7 $1 $18 {[#]} 32. Qe2 $1 {[%cal Re2e3]} Bd8 33. Qe3 (33. Qh5 Bf6 $14) 33... Rc7 {[#]} 34. Rxc7 $1 Bxc7 35. Rc1 (35. Nh5+ Kh8 $14) 35... Bb8 36. Rb1 {[%cal Bc1b1,Bb1b7,Bb7c7][%mdl 32] aiming for Rb7.} Bc7 $2 (36... Bb5 37. Ne6+ Kf7 38. Nxf8+ Qxd5) 37. Rb7 Rc8 38. Qc1 e3 39. Rxc7 Kf6 40. Rxc8 {White mates.} exf2+ 41. Kxf2 Qd4+ 42. Kg2 Bxc8 43. Qxc8 Qd2+ 44. Kh1 Qe1+ 45. Kh2 {Precision: White = 47%, Black = 31%.} 1-0

[Event "Salamanca Festival Masters 2018"]
[Site "Salamanca"]
[Date "2018.10.25"]
[Round "4"]
[White "Atalik, Ekaterina"]
[Black "Granda Zúñiga, Julio E"]
[Result "1-0"]
[WhiteElo "2420"]
[BlackElo "2641"]
[Annotator "TA"]
[PlyCount "41"]
[EventDate "2018.10.24"]
[EventType "tourn"]
[EventCountry "ESP"]
[SourceTitle "playchess.com"]
[Source "ChessBase"]
[SourceQuality "1"]

{[%evp 14,41,33,33,96,93,74,60,109,103,106,109,124,153,160,150,171,200,293,236,286,264,264,272,350,309,504,499,609,577]} 1. d4 Nf6 2. c4 e6 3. Nc3 Bb4 4. g3 c5 5. Nf3 b6 6. Bg2 Bb7 7. O-O Bxc3 8. bxc3 {LiveBook: 27 Partien} Qc8 {E20: Nimzoindisch (Seltene Züge)} (8... Nc6 $14) (8... Nc6 9. dxc5 bxc5 10. Bg5 Na5 11. Qd3 h6 12. Bxf6 Qxf6 13. Rab1 Bc6 14. Nd2 O-O 15. Nb3 Nxb3 16. Rxb3 Qe5 17. Bxc6 dxc6 18. Rb7 a5 19. Rfb1 Rad8 20. Qc2 Qh5 21. h4 {½-½ (21) Moiseenko,A (2669)-Jobava,B (2715) Alushta 2010}) 9. d5 $16 O-O 10. Nh4 Ne8 $146 {Weiß steht etwas besser.} ({Vorgänger:} 10... b5 11. e4 bxc4 12. Bg5 Na6 13. Rb1 Rb8 14. Qd2 Kh8 15. Bf4 Ra8 16. Qb2 Bxd5 17. exd5 Nxd5 18. Bxd5 exd5 {1-0 (25) Kregelin,J (2089)-Pietsch,M (2214) Germany 2012}) 11. e4 d6 12. f4 Nd7 13. Bh3 exd5 14. cxd5 Qc7 15. c4 Nef6 (15... b5 $142 16. Bb2 (16. cxb5 Nef6 $16) 16... bxc4) 16. Bg2 Rfe8 17. Re1 g6 18. Bb2 b5 19. e5 ({Finger weg von} 19. cxb5 c4 $18) 19... Nh5 $2 {[#]} (19... Nb6 20. exf6 Nxc4) 20. Nf5 $1 $18 {[%mdl 512]} dxe5 (20... gxf5 21. Qxh5) 21. fxe5 {Precision: Weiß = 90%, Schwarz = 21%.} 1-0

[Event "Salamanca Festival Masters 2018"]
[Site "Salamanca"]
[Date "2018.10.25"]
[Round "4"]
[White "Santos Ruiz, Miguel"]
[Black "Calzetta, Mónica"]
[Result "1-0"]
[WhiteElo "2327"]
[BlackElo "2235"]
[Annotator "TA"]
[PlyCount "75"]
[EventDate "2018.10.24"]
[EventType "tourn"]
[EventCountry "ESP"]
[SourceTitle "playchess.com"]
[Source "ChessBase"]
[SourceQuality "1"]

{[%evp 15,75,60,50,60,49,60,51,63,48,42,45,51,60,50,52,33,59,58,46,33,50,0,0,-5,2,0,5,-29,-11,-20,-30,-8,-20,-14,-18,-38,0,-1,60,29,148,154,215,217,377,361,1147,1137,1142,1111,1296,1208,290,1050,2341,2281,2007,1681,29985,29986,29985,29986]} 1. e4 c5 2. Nf3 d6 3. d4 cxd4 4. Nxd4 Nf6 5. Nc3 Nc6 6. Bg5 g6 {B60: Sicilian: Richter-Rauzer: Unusual Black 6th moves and 6...Bd7 without 7 Qd2} (6... e6 7. Qd2 a6 8. O-O-O Be7 9. f3 Qc7 10. h4 Nxd4 11. Qxd4 b5 12. Kb1 Rb8 13. g4 b4 14. Ne2 O-O 15. h5 h6 16. Bc1 Nd7 {0-1 (47) Kobalia,M (2620)-Demchenko,A (2679) Sochi 2018}) 7. Bb5 Bd7 8. Bxf6 exf6 {LiveBook: 35 Games. White is slightly better.} 9. Qd3 Bg7 10. O-O-O O-O 11. Nxc6 bxc6 12. Qxd6 {Threatens to win with Bc4.} cxb5 13. Qxd7 Qb6 $1 14. Rhf1 $146 ({Predecessor:} 14. f3) 14... f5 15. Nd5 Qa5 16. Kb1 fxe4 17. Qe7 Rae8 18. Nf6+ ({White should play} 18. Qc5 $14) 18... Bxf6 $1 $11 19. Qxf6 Re6 20. Qd4 Rc8 21. Rfe1 Qc7 22. c3 {[%cal Bc2c3,Bc3b4,Bb4b5,Bb5b6,Bb6b7][%mdl 32]} Qxh2 23. Rxe4 Qxg2 24. Rxe6 fxe6 25. Qxa7 {[%mdl 4096] Endgame KQR-KQR} Qe4+ 26. Ka1 b4 (26... Qg4 $11 27. Qd7 Rf8) 27. cxb4 Qc2 (27... Qxb4 $11 {remains equal.} 28. a3 Qg4) 28. Rb1 $16 Rd8 (28... Qd3 $16 {was worth a try.} 29. a3 Rf8) 29. Qc5 $18 Qe2 $2 {[#]} (29... Qa4 30. b3 Qe8) 30. b5 Rd5 $2 (30... Rb8 31. a4 Ra8) 31. Qc8+ Kf7 32. b6 Rd1 33. b7 Rxb1+ 34. Kxb1 Qf1+ 35. Qc1 Qd3+ 36. Ka1 Qb5 37. Qc7+ Kf6 38. a3 {Precision: White = 68%, Black = 36%.} 1-0

[Event "Salamanca Festival Masters 2018"]
[Site "Salamanca"]
[Date "2018.10.26"]
[Round "5"]
[White "Granda Zúñiga, Julio E"]
[Black "Santos Ruiz, Miguel"]
[Result "1-0"]
[WhiteElo "2641"]
[BlackElo "2327"]
[Annotator "TA"]
[PlyCount "71"]
[EventDate "2018.10.24"]
[EventType "tourn"]
[EventCountry "ESP"]
[SourceTitle "playchess.com"]
[Source "ChessBase"]
[SourceQuality "1"]

{[%evp 11,71,0,6,-8,0,-5,26,-3,14,0,0,5,12,10,45,45,55,54,42,53,52,37,41,32,57,63,41,41,44,36,82,38,31,28,54,16,18,22,22,27,56,41,60,53,53,53,53,25,54,54,145,140,229,186,404,385,879,597,1245,1226,1219,1160]} 1. c4 c5 2. Nc3 g6 3. g3 Bg7 4. Bg2 Nc6 5. d3 e6 6. Bf4 {A36: Symmetrical English vs ...g6: 4 Bg2 Bg7} (6. e4 Nge7 7. Nge2 O-O 8. O-O d6 9. Rb1 b6 10. a3 Bb7 11. b4 Nd4 12. Be3 Qd7 13. Qd2 Nxe2+ 14. Nxe2 cxb4 15. axb4 d5 16. Qa2 Rfd8 17. Rfc1 Nc6 18. Bg5 Re8 19. cxd5 exd5 20. exd5 Ne7 21. Nf4 {½-½ (71) Gordievsky,D (2622)-Krasenkow,M (2671) Wijk aan Zee 2018}) 6... d6 {LiveBook: 12 Games} 7. Qd2 e5 8. Bg5 {The position is equal.} Nge7 $146 ({Predecessor:} 8... f6 9. Be3 Be6 10. h4 h6 11. Rb1 a5 12. Qd1 Nge7 13. Nf3 O-O {0-1 (37) Filtres,B-Szekely,P (2420) Val Thorens 1989}) 9. Nd5 h6 10. Bxe7 Nxe7 11. e3 {[%cal Be2e3,Be3e4][%mdl 32]} Be6 12. Nxe7 Kxe7 13. Ne2 d5 14. cxd5 Bxd5 15. Bxd5 Qxd5 16. e4 Qd6 17. Nc3 Rhd8 18. Nd5+ Kf8 19. O-O Kg8 20. Rfc1 b6 21. a4 Bf8 22. Rc3 Rd7 23. Qc2 Qe6 24. Rb3 Rb8 25. Qc4 a5 26. Rb5 Be7 27. Ra3 {Black must now prevent Rab3.} Bd8 28. Rab3 Qd6 29. Qc3 Rbb7 30. Ne3 Qe6 {[#]} ({Better is} 30... f6 $14) 31. Nc4 $1 $16 Rd4 {[#]} (31... f6 $16 {was necessary.}) 32. Rxc5 $1 $18 {[%mdl 512]} Rbd7 $2 (32... Re7 33. Rcb5 Kh7) (32... bxc5 33. Rxb7) 33. Rxe5 Qg4 $2 (33... Qf6 34. Re8+ Kh7) 34. Ne3 {White is clearly winning.} Qf3 35. Nd5 f6 36. Re8+ {Precision: White = 63%, Black = 29%.} 1-0

[Event "Salamanca Festival Masters 2018"]
[Site "Salamanca"]
[Date "2018.10.26"]
[Round "5"]
[White "Skripchenko, Almira"]
[Black "Atalik, Ekaterina"]
[Result "0-1"]
[WhiteElo "2414"]
[BlackElo "2420"]
[Annotator "TA"]
[PlyCount "120"]
[EventDate "2018.10.24"]
[EventType "tourn"]
[EventCountry "ESP"]
[SourceTitle "playchess.com"]
[Source "ChessBase"]
[SourceQuality "1"]

{[%evp 14,120,21,19,29,-27,-7,-35,-14,-23,-20,-25,0,-21,0,-3,-1,1,22,23,23,14,47,28,51,0,2,-29,-32,-41,-31,-45,0,0,0,0,0,0,0,0,35,0,-4,-3,0,-15,-15,-15,-15,-34,-26,-156,-150,-164,-156,-171,-127,-119,-123,-189,-202,-237,-233,-206,-119,-119,-119,-139,-117,-123,-104,-567,-138,-144,-135,-415,-416,-505,-500,-481,-497,-490,-484,-479,-426,-418,-411,-412,-404,-461,-463,-454,-419,-747,-725,-828,-798,-5904,-5173,-5206,-4672,-29975,-29976,-29975,-29975,-29974,-29975,-29977,-29977]} 1. e4 c6 2. Nc3 d5 3. Nf3 Bg4 4. h3 Bxf3 5. Qxf3 e6 6. d3 Qb6 {B11: Caro-Kann (Zweispringer-Variante)} (6... Nf6 7. Be2 Nbd7 8. Qg3 g6 9. h4 h5 10. O-O Bg7 11. Bf4 Qb6 12. Rab1 Rc8 13. Bf3 Bh6 14. Bxh6 Rxh6 15. Rfe1 {1-0 (30) Mamedov,R (2709)-Dreev,A (2653) Riadh 2017}) 7. Qg3 Nd7 8. Be2 {LiveBook: 4 Partien} g6 {Die Stellung ist ausgeglichen.} 9. h4 $146 ({Lieber} 9. O-O) ({Vorgänger:} 9. O-O Bg7 10. Kh1 Ne7 11. a4 O-O 12. Qd6 Qd8 13. Bg5 Re8 14. a5 h6 {½-½ (48) Rathnakaran,K (2447)-Shyam,S (2481) Thiruvarur 2015}) 9... h5 10. Nd1 {[%cal Bc3d1,Bd1f2,Bf2h3,Bh3f4][%mdl 32]} Bg7 11. Bd2 Ngf6 {[%cal Bg8f6,Bf6e8,Be8c7,Bc7e6,Be6d4][%mdl 32]} 12. f3 O-O-O (12... a5 {keeps more tension.} 13. c3 e5 14. Qf2 Qc7 15. O-O O-O) 13. Qf2 (13. a4 {is interesting.} e5 14. a5 Qc7 15. Qf2 a6 16. Qa7) 13... Qxf2+ 14. Nxf2 Ne8 15. O-O-O Nc7 16. g4 Bd4 17. Rdf1 e5 18. Nh3 Ne6 19. g5 Bb6 20. f4 dxe4 21. dxe4 Ndc5 22. Bf3 exf4 23. Nxf4 Nd4 24. Bg2 Rhe8 25. Re1 $1 Bc7 26. Rhf1 Be5 27. Ne2 Nb5 $36 {[%mdl 2048] Und ...Lxb2+! würde nun gewinnen. Schwarz hat gut koordiniertes Spiel.} 28. Bf4 Bxf4+ 29. Rxf4 Re7 30. Ref1 Nd6 31. Ng3 Kc7 32. b4 {[#]} (32. b3 $11 {bleibt in der Remisbreite.}) 32... Nd7 $1 $17 33. a3 Ne5 34. Rd1 Nb5 35. Rxd8 Kxd8 36. a4 (36. Kb2 $17) 36... Nc3 $19 37. a5 Rd7 38. Kb2 Nb5 (38... Nd1+ $19 39. Kb3 Rd2) 39. Bf1 $17 Nd4 40. Kc3 Ke8 41. Bd3 a6 42. Nf1 $2 {[%mdl 8192] [#]} (42. Rf1 $17) 42... Ne6 $2 (42... Nxd3 $19 {bietet bessere Gewinnchancen.} 43. Kxd3 Ne6+ 44. Ke3 Nxf4 45. Kxf4 Rd4) 43. Rf2 c5 {[%cal Bc6c5,Bc5b4][%mdl 32]} 44. Bc4 $2 {[%mdl 8192]} (44. bxc5 $17 Nxc5 45. Rd2) 44... cxb4+ $19 45. Kb3 Nxc4 46. Kxc4 {[%mdl 4096] Endspiel KTS-KTS} Rd4+ 47. Kb3 Rxe4 48. Rh2 Nc5+ 49. Kb2 Kf8 50. Nd2 Rf4 51. Nb3 Nxb3 52. Kxb3 {KT-KT} Kg7 53. Rd2 (53. Kb2 $142) 53... Rxh4 54. Rd7 Rg4 55. Rxb7 h4 {[%cal Bh5h4,Bh4h3,Bh3h2][%mdl 32]} 56. Rd7 h3 57. Rd3 Rh4 {Schwarz setzt Matt.} 58. Rd1 h2 59. Rh1 f6 60. gxf6+ Kxf6 {Precision: Weiß = 32%, Schwarz = 50%.} 0-1